Štátne bábkové divadlo Bratislava - programový plagát propagačný plagát

Bibliographic Details
Format: Photo
Language:Slovak
PhysicalDescription:1 plagát farebný; na oranžovo bielom podklade čierno-červeným písmom textové informácie 99 x 60 cm
Published: Bratislava Štátne bábkové divadlo 1987 - október
Subjects:

MARC

LEADER 00000nkm a2200000 a 4500
001 vtls011771410
003 SK-MaSNL
005 20260426013102.0
007 kf bo
008 240409s1997 xo g kuslo
035 |a urn:nbn:sk:snk-km00crl1 
035 |a urn:nbn:sk:snk-km3lrpy 
035 |a CA069F21-B55B-40CD-B7E1-6AAA800E8FCF 
040 |a SNK  |b slo  |c SNK  |e AACR2 
041 0 |a slo 
043 |a e-xo--- 
044 |a xo  |c SK 
072 7 |a 394  |x Verejný a spoločenský život. Každodenný život  |2 konspekt 
080 |a 394.46  |2 2011 
080 |a (084.5)  |2 2011 
245 0 0 |a Štátne bábkové divadlo Bratislava - programový plagát  |b propagačný plagát  |h grafika 
260 |a Bratislava  |b Štátne bábkové divadlo  |c 1987 - október 
300 |a 1 plagát  |b farebný; na oranžovo bielom podklade čierno-červeným písmom textové informácie  |c 99 x 60 cm 
648 7 |a 1896-1996  |2 SNKPH  |9 286313 
650 0 7 |a divadlo  |2 SNKPH  |9 3335 
651 7 |a Slovensko  |2 SNKPH  |9 14231 
655 7 |a plagáty  |2 SNKPH  |9 70571 
852 |a Slovenská národná knižnica v Martine 
958 |a CP 
999 |c 1114021  |d 1115951 
952 |a SNKLM  |b SNKLM  |y PREZ  |7 0  |p 17A1261854  |o snklm L 1470  |i snklm 172/87  |8 7  |0 0  |1 0  |4 0  |d 2018-08-09  |f 1  |l 0  |r 2026-02-24 18:11:03  |w 2026-02-24